Mechanics of materials (Record no. 115960)

MARC details
000 -LEADER
fixed length control field 00227 a2200109 4500
020 ## - INTERNATIONAL STANDARD BOOK NUMBER
International Standard Book Number 9789367133910
100 ## - MAIN ENTRY--PERSONAL NAME
Personal name R. C. Hibbeler
245 ## - TITLE STATEMENT
Title Mechanics of materials
250 ## - EDITION STATEMENT
Edition statement 11th
260 ## - PUBLICATION, DISTRIBUTION, ETC. (IMPRINT)
Name of publisher, distributor, etc Pearson
Date of publication, distribution, etc 2025
942 ## - ADDED ENTRY ELEMENTS (KOHA)
Koha item type On order/under processing
Holdings
Withdrawn status Lost status Damaged status Not for loan Home library Current library Date acquired Source of acquisition Cost, normal purchase price Total Checkouts Barcode Date last seen Cost, replacement price Price effective from Koha item type
        University Library University Library 17/03/2026 146 848.00   00098034 17/03/2026 1060.00 17/03/2026 On order/under processing
University Library, CUSAT